000 00573nam a2200205 i 4500
001 141901
003 ES-MaACL
005 20230906200408.0
007 t|
008 071001s1953 sp ||||1| spa d
080 _a821.134.2-14"19"
100 1 _aViñas Olivella, Celia.
_9115382
245 1 0 _aPalabras sin voz /
_cCelia Viñas Olivella.
260 _aAlicante :
_b[s.n.],
_c1953 (
_fImp. Suc. de Such y Serra)
300 _a110 p. ;
_c22 cm.
490 1 _aIfach ;
_v14
830 1 _aIfach ;
_v14
_9183454
852 4 _aES-MaACL
_jD-9142
999 _c141901
_d141901